Countries That End In "land" - Statistics

General Stats
  • This quiz has been taken 500 times
    475 since last reset
  • The average score is 7 of 8
Answer Stats
Hint Answer % Correct
Europe Finland
93%
Europe Iceland
92%
Oceania New Zealand
92%
Europe Ireland
89%
Europe Poland
86%
Europe Switzerland
84%
Africa Swaziland
81%
Asia Thailand
81%
No matching quizzes found
Score Distribution
Percent of People with Each Score
Percentile by Number Answered
Your Score History
You have not taken this quiz since the last reset